Unreliable sources : how the 20th century was reported /

Bibliographic Details
Main Author: Simpson, John, 1944-
Format: Book
Language:English
Published: London : Macmillan, 2010.
Subjects:

MARC

Tag First Indicator Second Indicator Subfields
LEADER 00000cam a2200000 a 4500
001 in00002569921
005 20151201151104.0
008 091110s2010 enkabf b 001 0 eng
015 |a GBA9B1289  |2 bnb 
016 7 |a 015421606  |2 Uk 
020 |a 9781405050050 (hbk.) 
020 |a 1405050055 (hbk.) 
029 1 |a UNITY  |b 120921197 
029 1 |a UKBFB  |b 1405050055 
029 1 |a UKWIR  |b 1405050055 
029 1 |a NZ1  |b 13223174 
029 1 |a AU@  |b 000045487026 
029 1 |a CDX  |b 9527330 
035 |a (OCoLC)ocn465617987 
035 |a (OCoLC)465617987 
040 |a UKM  |c UKM  |d YDXCP  |d BWKUK  |d BWK  |d CDX  |d UtOrBLW 
049 |a TXAM 
050 4 |a PN5118  |b .S56 2010 
082 0 4 |a 072.0904  |2 22 
100 1 |a Simpson, John,  |d 1944- 
245 1 0 |a Unreliable sources :  |b how the 20th century was reported /  |c John Simpson. 
264 1 |a London :  |b Macmillan,  |c 2010. 
300 |a xiii, 593 pages, 16 unnumbered pages of plates :  |b illustrations, maps ;  |c 25 cm. 
336 |a text  |b txt  |2 rdacontent 
337 |a unmediated  |b n  |2 rdamedia 
338 |a volume  |b nc  |2 rdacarrier 
504 |a Includes bibliographical references and index. 
650 0 |a Press  |z Great Britain  |x History  |y 20th century. 
650 0 |a Reporters and reporting  |z Great Britain  |x History  |y 20th century. 
650 0 |a History, Modern  |y 20th century. 
938 |a YBP Library Services  |b YANK  |n 100530908 
938 |a Blackwell Book Service UK  |b BBUK  |n L0843453  |c 20.00 
938 |a Coutts Information Services  |b COUT  |n 9527330 
945 |a PromptCat  |b 987984 
946 |a stk 
947 |a A14840315963 
994 |a 92  |b TXA 
948 |a Cataloged  |b h  |c 2010/6/7  |d c  |e ibarton 
999 |a MARS 
999 f f |s c466b5b4-d414-3c3f-ad3d-63b3ebedaef1  |i a677433c-5a92-364e-97a7-178031df53f6  |t 0 
952 f f |p normal  |a Texas A&M University  |b College Station  |c Sterling C. Evans Library  |d Evans: Library Stacks  |t 0  |e PN5118 .S56 2010  |h Library of Congress classification  |i unmediated -- volume  |m A14840315963 
998 f f |a PN5118 .S56 2010  |t 0  |l Evans: Library Stacks